| 000 | 01347nam a2200325 a 4500 | ||
|---|---|---|---|
| 001 | 12784 | ||
| 003 | BD-JhCC | ||
| 005 | 20230512201456.0 | ||
| 008 | 230512s1999 vau b 000 0 eng | ||
| 020 | _a1565642724 (hbk.) | ||
| 035 | _a(BD-JhCC)12784 | ||
| 040 |
_aDLC _cDLC _dDLC _dBD-JhCC |
||
| 041 | 1 |
_aeng _hara |
|
| 050 | 0 | 0 |
_aBP166.7 _b.N36 2000 |
| 082 | 0 | 0 |
_a297.2/25 _221 _bNAJ 1999 |
| 100 | 1 | _aNajjār, ʻAbd al-Majīd. | |
| 240 | 1 | 0 |
_aKhilāfat al-insān bayna al-waḥy wa-al-ʻaql. _lEnglish |
| 245 | 1 | 4 |
_aThe vicegerency of man, between revelation and reason : _ba critique of the dialectic of the text, reason, and reality / _cby ʻAbd al-Majīd al-Najjār ; translated by Aref T. Atari. |
| 246 | 3 | 0 | _aVicegerency of man |
| 260 |
_aHerndon, VA : _bInternational Institute of Islamic Thought, _c1999. |
||
| 300 |
_axxv, 90 p. ; _c23 cm. |
||
| 440 | 0 |
_aIslamic methodology ; _vno. 2 |
|
| 504 | _aIncludes bibliographical references (p. [86]-90). | ||
| 650 | 0 |
_aTheological anthropology _xIslam |
|
| 650 | 0 |
_aFaith and reason _xIslam. |
|
| 650 | 0 |
_aIslam _xDoctrines. |
|
| 906 |
_a7 _bcbc _corignew _d1 _eocip _f19 _gy-gencatlg |
||
| 942 |
_2ddc _cBK |
||
| 999 |
_c12784 _d12784 |
||